00469nam a22001697a 450000500170000001000140001702000230003103500130005403700130006708200100008010000220009024500480011226000490016027000560020930000220026565000120028720100803105537.0 aENG-97776 a8120915062c125.00 aEN-81309 bDBAD/PUB a907.6 aNarang, Meenakshi aAmazing history quiz /cby Meenakshi Narang aNew DelhibPitambar Publishing Companyc2010 a888, East Park Road, Karol BaghbNew Delhie1100005 a104p.c22cm (pbk) aHistory